Central Library OPAC University of Rajshahi

Savant : (Record no. 54635)

MARC details
000 -LEADER
fixed length control field 00583nam a2200217 a 4500
001 - CONTROL NUMBER
control field 54635
003 - CONTROL NUMBER IDENTIFIER
rucl marc code BD-RjUL
005 - DATE AND TIME OF LATEST TRANSACTION
control field 20211209080140.0
008 - FIXED-LENGTH DATA ELEMENTS--GENERAL INFORMATION
fixed length control field 161108s1993 nyub 000 0 fre d
035 ## - SYSTEM CONTROL NUMBER
System control number (BD-RjUL)54757
040 ## - CATALOGING SOURCE
Transcribing agency BD-RjUL
Modifying agency BD-RjUL
Language of cataloging eng
Original cataloging agency BD-RjUL
041 ## - LANGUAGE CODE
Language code of text/sound track or separate title eng
082 ## - DEWEY DECIMAL CLASSIFICATION NUMBER
Edition number 23
Classification number 823
Author mark and year FOS 1993
100 1# - MAIN ENTRY--PERSONAL NAME
Personal name Follett, James
Dates associated with a name 1905-
9 (RLIN) 162946
245 00 - TITLE STATEMENT
Title Savant :
Statement of responsibility, etc. James Follett
260 ## - PUBLICATION, DISTRIBUTION, ETC. (IMPRINT)
Place of publication, distribution, etc. London :
Name of publisher, distributor, etc. Heinemann, 1993.
Date of publication, distribution, etc. 1993.
300 ## - PHYSICAL DESCRIPTION
Pagination 240 p. ;
Size 23 cm.
504 ## - BIBLIOGRAPHY, ETC. NOTE
Bibliography, etc Bibliography: p. [8]-16.
650 ## - SUBJECT ADDED ENTRY--TOPICAL TERM
Topical term or geographic name as entry element English fiction
9 (RLIN) 162947
942 ## - ADDED ENTRY ELEMENTS (KOHA)
Source of classification or shelving scheme Dewey Decimal Classification
Koha item type Books
Holdings
Lost status Source of classification or shelving scheme Damaged status Not for loan Collection code Permanent Location Current Location Shelving location Date acquired Total Checkouts Full call number Date last seen Copy number Koha item type
  Dewey Decimal Classification     Non-fiction Central Library, University of Rajshahi Central Library, University of Rajshahi   17/05/1995   823 FOS 1993 08/11/2016 C-2 Books